000
00280nam a2200109Ia 4500
008
200302s9999 xx 000 0 und d
100
_a
Andrea Bettella
245
_a
Architectureal MOPnographs Miguel Angel Roca
260
_b
Academy Group Ltd.
260
_c
1994
300
_a
144 P.,
999
_c
2440
_d
2440